| 000 | 00618nam a22001937a 4500 | ||
|---|---|---|---|
| 999 |
_c16581 _d16581 |
||
| 003 | OSt | ||
| 005 | 20171011125733.0 | ||
| 008 | 171011b xxu||||| |||| 00| 0 eng d | ||
| 020 | _a9783642091971 | ||
| 040 | _cKABU | ||
| 050 |
_aTK5103.59 _b.B36 2010 C.1 |
||
| 100 | _aBandyopadhyay, Subir. | ||
| 245 |
_aDissemination of information in optical networks/ _bfrom technology to algorithms in cooperation with ralf klasing _cSubir Bandyopadhyay |
||
| 260 |
_aVerlag _bSpringer _c2010 |
||
| 300 | _axii, 308p | ||
| 650 | _awavelength division multiplexing | ||
| 650 | _aOptical communucations | ||
| 942 |
_2lcc _cBK |
||